Catálogo
 En Linea

Mi Faby autista II / (Registro nro. 50227)

Detalles MARC
000 -CABECERA
campo de control de longitud fija 00848nam a22002777a 4500
003 - IDENTIFICADOR DEL NÚMERO DE CONTROL
campo de control DO-SdBNP
005 - FECHA Y HORA DE LA ÚLTIMA TRANSACCIÓN
campo de control 20250516100600.0
007 - CAMPO FIJO DE DESCRIPCIÓN FÍSICA--INFORMACIÓN GENERAL
campo de control de longitud fija ta
008 - DATOS DE LONGITUD FIJA--INFORMACIÓN GENERAL
campo de control de longitud fija 210819e2018 dr ac||er|||| 001 edspa d
020 ## - NÚMERO INTERNACIONAL ESTÁNDAR DEL LIBRO
Número Internacional Estándar del Libro 9789945169249
040 ## - FUENTE DE LA CATALOGACIÓN
Centro catalogador/agencia de origen DO-SdBNP
Lengua de catalogación spa
Centro/agencia transcriptor BNPHU
041 ## - CÓDIGO DE LENGUA
Código de lengua original spa
082 ## - NÚMERO DE LA CLASIFICACIÓN DECIMAL DEWEY
Número de documento/Ítem V434m
100 1# - ENTRADA PRINCIPAL--NOMBRE DE PERSONA
Nombre de persona Velásquez Nin, Rhina
9 (RLIN) 79503
245 10 - MENCIÓN DE TÍTULO
Título Mi Faby autista II /
Mención de responsabilidad, etc. Rhina Velásquez Nin; Prólogo,Cesar Mella Mejía,
246 ## - FORMA VARIANTE DE TÍTULO
Título propio/Titulo breve Mi Faby autista dos
260 ## - PUBLICACIÓN, DISTRIBUCIÓN, ETC.
Lugar de publicación, distribución, etc. Santo Domingo :
Nombre del editor, distribuidor, etc. Editora Búho,
Fecha de publicación, distribución, etc. 2018
300 ## - DESCRIPCIÓN FÍSICA
Extensión 113 p. :
Otras características físicas il., retr. ;
Dimensiones 21 cm.
500 ## - NOTA GENERAL
Nota general Incluye biografía de la autora en la contracubierta .
504 ## - NOTA DE BIBLIOGRAFÍA, ETC.
Nota de bibliografía, etc. Bibliografía: p. 111- 113
590 ## - NOTA LOCAL (RLIN)
Nota local Inventariado 2021 / MF
650 #0 - PUNTO DE ACCESO ADICIONAL DE MATERIA--TÉRMINO DE MATERIA
Término de materia o nombre geográfico como elemento de entrada Autismo en niños
9 (RLIN) 64851
700 12 - PUNTO DE ACCESO ADICIONAL--NOMBRE DE PERSONA
Nombre de persona Mella Mejía, Cesar,
Término indicativo de función/relación pról.
9 (RLIN) 79504
910 ## - DATOS DE OPCIÓN DEL USUARIO (OCLC)
Datos de opción del usuario MFeliz
942 ## - ELEMENTOS DE PUNTO DE ACCESO ADICIONAL (KOHA)
Fuente del sistema de clasificación o colocación Dewey Decimal Classification
Tipo de ítem Koha Libro
Existencias
Estado de retiro Estado de pérdida Fuente del sistema de clasificación o colocación Restricciones de uso No para préstamo Código de colección Localización permanente Ubicación/localización actual Ubicación en estantería Fecha de adquisición Fuente de adquisición Total de préstamos Signatura topográfica completa Código de barras Fecha visto por última vez Precio válido a partir de Tipo de ítem Koha Número de copia
    Dewey Decimal Classification Excluido de préstamo   Patrimonio Dominicano Biblioteca Nacional Pedro Henríquez Ureña Biblioteca Nacional Pedro Henríquez Ureña Depósito 12.09.2018 Depósito legal / Editora Búho   V434m 2021-25542 19.08.2021 19.08.2021 Libro  
    Dewey Decimal Classification Excluido de préstamo   Patrimonio Dominicano Biblioteca Nacional Pedro Henríquez Ureña Biblioteca Nacional Pedro Henríquez Ureña Depósito 12.09.2018 Depósito legal / Editora Búho   V434m 2021-25543 19.08.2021 19.08.2021 Libro e.2
    Dewey Decimal Classification Préstamo en sala   Dominicana de Servicio Biblioteca Nacional Pedro Henríquez Ureña Biblioteca Nacional Pedro Henríquez Ureña Depósito 12.09.2018 Depósito legal / Editora Búho   V434m 2021-25544 19.08.2021 19.08.2021 Libro e.3

Con tecnología Koha